000 00304nam a22001217a 4500
008 230314b |||||||| |||| 00| 0 eng d
020 _a978-99936-27-20-3
082 _a344.68
100 _aParliament of Bhutan
245 _aDisaster Management Act of Bhutan 2013
300 _a41 p.
_c21 cm
942 _2ddc
999 _c9425
_d9426